Malá kniha lykke : dánska túžba po šťastnom živote /

Salvato in:
Dettagli Bibliografici
Autore principale: Wiking, Meik (Autore)
Natura: Libro
Lingua:slovacco
inglese
Pubblicazione: Žilina Luka 2018
Soggetti:
Tags: Aggiungi Tag
Nessun Tag, puoi essere il primo ad aggiungerne!!

MARC

LEADER 00000nam a22000003a 4500
001 0082522
003 SK-STU
005 20200722140248.1
007 ta
008 200722s ----xo-----e------000-0-----d
020 |a 978-80-8203-046-7 
040 |a STU  |b slo 
041 0 |a slo  |h eng 
044 |a xo 
100 1 |a Wiking, Meik  |4 aut 
245 1 0 |a Malá kniha lykke :  |b dánska túžba po šťastnom živote /  |c aut. Meik Wiking 
260 |a Žilina  |b Luka  |c 2018 
300 |a 285 s. 
650 0 7 |a životný štýl 
650 0 7 |a kvalita života 
996 |b 284M088380  |c M* 14324-1  |l MMKN  |s A  |a 24  |w 0082522_0001